000 00457nam a2200205Ia 4500
003 0100
008 130303s9999 xx 000 0 und d
020 _a631202536
040 _cARRUPELIB
050 _aBR305.3.S38 2002
100 _aDixon, Scott
245 4 _aThe Reformation in Germany
260 _aOxford
260 _bBlackwell Publishers
260 _C2002
300 _a212p.
300 _b22cm
700 _aby Scott Dixon
942 0 0 _01
999 _c12656
_d12656